Actors and Networks in the Megacity (Record no. 91451)

MARC details
000 -LEADER
fixed length control field 01679nam a2200217Ii 4500
008 - FIXED-LENGTH DATA ELEMENTS--GENERAL INFORMATION
fixed length control field 221202s xx 000 0 und d
100 1# - MAIN ENTRY--PERSONAL NAME
Personal name More, Prachi,
Relator term author
245 #0 - TITLE STATEMENT
Title Actors and Networks in the Megacity
246 ## - VARYING FORM OF TITLE
Title proper/short title A Literary Analysis of Urban Narratives (Edition 1)
264 #1 - PRODUCTION, PUBLICATION, DISTRIBUTION, MANUFACTURE, AND COPYRIGHT NOTICE
Place of production, publication, distribution, manufacture Bielefeld
Name of producer, publisher, distributor, manufacturer transcript Verlag
Date of production, publication, distribution, manufacture, or copyright notice 2017
300 ## - PHYSICAL DESCRIPTION
Extent 1 online resource
336 ## - CONTENT TYPE
Content type term text
Content type code txt
Source rdacontent
337 ## - MEDIA TYPE
Media type term computer
Media type code c
Source rdamedia
338 ## - CARRIER TYPE
Carrier type term online resource
Carrier type code cr
Source rdacarrier
520 ## - SUMMARY, ETC.
Summary, etc. This study is a concise introduction to Bruno Latour's Actor-Network Theory and its application in a literary analysis of urban narratives of the 21st century. We encounter well-known psycho-geographers such as Iain Sinclair and Sam Miller, and renowned authors, Patrick Neate and Suketu Mehta. Prachi More analyses these authors' accounts of vastly different cities such as London, Delhi, Mumbai, Johannesburg, New York and Tokyo. Are these urban narratives a contemporary solution to documenting an ever-evasive urban reality? If so, how do they embody matters of concern as Latour would have put it, laying bare modern-day actors and networks rather than reporting mere matters of fact? These questions are drawn into an inter-disciplinary discussion that addresses concerns and questions of epistemology, the sociology of knowledge as well as urban and documentary studies.
653 ## - INDEX TERM--UNCONTROLLED
Uncontrolled term Historical & Comparative
653 ## - INDEX TERM--UNCONTROLLED
Uncontrolled term Language Arts & Disciplines
653 ## - INDEX TERM--UNCONTROLLED
Uncontrolled term Linguistics
856 ## - ELECTRONIC LOCATION AND ACCESS
Uniform Resource Identifier <a href="https://docs.google.com/spreadsheets/d/1yKIrdCPDAG_9c22mwoOIO2DOhtj65Wqa/edit?usp=sharing&ouid=106555315294820607512&rtpof=true&sd=true ">https://docs.google.com/spreadsheets/d/1yKIrdCPDAG_9c22mwoOIO2DOhtj65Wqa/edit?usp=sharing&ouid=106555315294820607512&rtpof=true&sd=true </a>
Link text List of Curated E-Books
942 ## - ADDED ENTRY ELEMENTS (KOHA)
Koha item type E-Book

No items available.

University of Rizal System
Email us at univlibservices@urs.edu.ph

Visit our Website www.urs.edu.ph/library